000 00290 a2200145 4500
001 64286
040 _cAnchieta - Pituba
100 _aRincón, Eduardo
240 1 0 _aFranz Schubert
_lpor
245 1 0 _aFranz Schubert
300 _a52
362 0 _a2005
650 4 _aMúsica
942 _cBK
999 _c64286
_d64286